Krótkie losowe zdania w języku włoskim #1 - Statystyki

Ogólne statystyki
  • Ten quiz został rozwiązany 11 razy
  • Średni wynik to 7 z 15
Statystyki odpowiedzi
Po polsku Po włosku % Poprawnych
Nie, dziękuję No, grazie
83%
Nie, nie lubię No, non mi piace
67%
Tak, bardzo lubię Sì, mi piace molto
67%
Idę do domu Vado a casa
67%
Idę do sklepu Vado al negozio
67%
Chciałbym pizzę Vorrei una pizza
67%
Słucham muzyki Ascolto la musica
50%
Dokąd idziesz? Dove vai?
50%
Oglądam telewizję Guardo la TV
50%
Czytam książkę Leggo un libro
50%
Lubisz muzykę? Ti piace la musica?
50%
Co robisz w wolnym czasie? Cosa fai nel tempo libero?
33%
Tak, chętnie Sì, volentieri
17%
Chcesz iść ze mną? Vuoi venire con me?
17%
Co chcesz zjeść? Che vuoi mangiare
0%
Nie znaleziono quizów pasujących do podanych kryteriów
Rozkład punktacji
Procent ludzi z każdym wynikiem
Percentyl według liczby udzielonych odpowiedzi
Twoja historia wyników
Nie rozwiązałeś tego quizu